000 00525nam a2200181Ia 4500
001 19896
005 20260306172726.0
008 260306t2014||||xx |||||||||||||| ||spa||
041 _aESP
082 _a341.1
_bU61
100 _aUniversidad Católica San Pablo
_eAUT
245 0 _aDerecho natural y iusnaturalismos:
_bVIII Jornadas Internacionales de Derecho Natural y III de Filosofía del Derecho
260 _c2014
300 _a373 páginas :
_c24 cm.
650 _aGEN
654 _aCDE
942 _cLIB
_dJUS
_fJUS
_2ddc
_n
999 _c19896
_d19896